00821cam a2200253 a 4500001000500000005001700005020001500022040002300037050002100060082001200081100001800093245003600111250004700147260003600194300005900230505000800289520010600297521002000403521002000423650004200443650004200485650002100527650001900548290620250827092432.0 a0590464787 aDLCcDLCdDLCbeng00aTH9148.G47b198400a628.9251 aGibbons, Gail10aFire! Fire! /cby Gail Gibbons. aFirst Scholastic printing , September 1992 aNew York :bScholastic , c1984 a36 unnumbered pages :bcolor illustrations ;c18 cm .  aQ  aViews fire fighters fighting fires in the city, in the country, in the forest, and on the waterfront. a660 bLexile  aQ bRaz-Plus  0aFire preventionxJuvenile literature. 0aFire extinctionxJuvenile literature. 1aFire extinction. 1aFire fighters.